|
|
|
|
| LEADER |
00756nam a2200253Ia 4500 |
| 008 |
240829s9999 xx 000 0 und d |
| 020 |
|
|
|a 978-607-05-0120-3
|
| 040 |
|
|
|a BIBLIOTECA-RUPAP 515.83 A634
|
| 041 |
|
|
|a spa
|
| 082 |
|
|
|a 515.83 A634
|
| 100 |
1 |
|
|a Anton, Howard
|
| 245 |
1 |
0 |
|a Cálculo de una variable : trascendentes tempranas
|
| 250 |
|
|
|a 2a.ed.
|
| 260 |
|
|
|a México
|b Limusa/Wiley
|c 2009
|
| 300 |
|
|
|a 784 p. :il.
|
| 650 |
7 |
|
|a CÁLCULO DE UNA VARIABLE
|
| 650 |
7 |
|
|b FUNCIONES DE UNA VARIABLE REAL
|
| 650 |
7 |
|
|c TRASCENDENTES TEMPRANAS
|
| 650 |
7 |
|
|d MODELOS MATEMATICOS
|
| 650 |
7 |
|
|e DERIVADAS
|
| 650 |
7 |
|
|f INTEGRALES TRIGONOMETRICAS I. Bivens, Irl, Davis, Stephen, coaut. II. Tít.
|
| 942 |
|
|
|c BK
|2 ddc
|
| 991 |
|
|
|a TEXTO
|
| 999 |
|
|
|c 8117
|